|
|
|
|
| LEADER |
02388nam a22004935i 4500 |
| 001 |
978-0-306-47163-6 |
| 003 |
DE-He213 |
| 005 |
20151204160351.0 |
| 007 |
cr nn 008mamaa |
| 008 |
100301s2002 xxu| s |||| 0|eng d |
| 020 |
|
|
|a 9780306471636
|9 978-0-306-47163-6
|
| 024 |
7 |
|
|a 10.1007/b110427
|2 doi
|
| 040 |
|
|
|d GrThAP
|
| 050 |
|
4 |
|a CC1-960
|
| 072 |
|
7 |
|a HD
|2 bicssc
|
| 072 |
|
7 |
|a SOC003000
|2 bisacsh
|
| 082 |
0 |
4 |
|a 930.1
|2 23
|
| 100 |
1 |
|
|a Mullins, Paul R.
|e author.
|
| 245 |
1 |
0 |
|a Race and Affluence
|h [electronic resource] :
|b An Archaeology of African America and Consumer Culture /
|c by Paul R. Mullins.
|
| 264 |
|
1 |
|a Boston, MA :
|b Springer US,
|c 2002.
|
| 300 |
|
|
|a XIV, 217 p.
|b online resource.
|
| 336 |
|
|
|a text
|b txt
|2 rdacontent
|
| 337 |
|
|
|a computer
|b c
|2 rdamedia
|
| 338 |
|
|
|a online resource
|b cr
|2 rdacarrier
|
| 347 |
|
|
|a text file
|b PDF
|2 rda
|
| 490 |
1 |
|
|a Contributions to Global Historical Archaeology,
|x 1574-0439
|
| 505 |
0 |
|
|a Racializing Consumer Culture -- The Politicization and Politics of African-American Consumption -- Material and Symbolic Racism in Consumer Space -- “Producers as Well as Consumers” -- Moralizing Work and Materialism -- Modes of Consumption -- Affluent Aspiration -- Double Consciousness, Whiteness, and Consumer Culture.
|
| 520 |
|
|
|a An archaeological analysis of the centrality of race and racism in American culture. Using a broad range of material, historical, and ethnographic resources from Annapolis, Maryland, during the period 1850 to 1930, the author probes distinctive African-American consumption patterns and examines how those patterns resisted the racist assumptions of the dominant culture while also attempting to demonstrate African-Americans' suitability to full citizenship privileges.
|
| 650 |
|
0 |
|a Social sciences.
|
| 650 |
|
0 |
|a History.
|
| 650 |
|
0 |
|a Anthropology.
|
| 650 |
|
0 |
|a Archaeology.
|
| 650 |
1 |
4 |
|a Social Sciences.
|
| 650 |
2 |
4 |
|a Archaeology.
|
| 650 |
2 |
4 |
|a Anthropology.
|
| 650 |
2 |
4 |
|a History, general.
|
| 710 |
2 |
|
|a SpringerLink (Online service)
|
| 773 |
0 |
|
|t Springer eBooks
|
| 776 |
0 |
8 |
|i Printed edition:
|z 9780306460890
|
| 830 |
|
0 |
|a Contributions to Global Historical Archaeology,
|x 1574-0439
|
| 856 |
4 |
0 |
|u http://dx.doi.org/10.1007/b110427
|z Full Text via HEAL-Link
|
| 912 |
|
|
|a ZDB-2-SHU
|
| 912 |
|
|
|a ZDB-2-BAE
|
| 950 |
|
|
|a Humanities, Social Sciences and Law (Springer-11648)
|